000 00439nam a22001337a 4500
008 160127b xxu||||| |||| 00| 0 eng d
050 _aSPC QL675.P74 1948
100 _aPriest Cecil Damer
_921854
245 _aEggs of birds breeding in Southern Africa
_cCecil D. Priest
260 _aGlasgow
_bRobert Maclehose and Co. Ltd.
_c1948
300 _axii, 180p. ;
_c25cm.
650 _aEggs of Southern African birds
_921855
942 _2lcc
_cSPC
999 _c124055
_d124055